header

Live television (Record no. 1868)

MARC details
000 -LEADER
fixed length control field 01140nam a22002894a 4500
100 1# - MAIN ENTRY--AUTHOR NAME
Personal name Marriott, Stephanie.
245 10 - TITLE STATEMENT
Title Live television
260 ## - PUBLICATION, DISTRIBUTION, ETC. (IMPRINT)
Place of publication Los Angeles :
Name of publisher Sage,
Year of publication 2007.
300 ## - PHYSICAL DESCRIPTION
Number of Pages 137 p.
650 #0 - SUBJECT ADDED ENTRY--TOPICAL TERM
Topical Term Live television programs
856 40 - ELECTRONIC LOCATION AND ACCESS
Uniform Resource Identifier http://site.ebrary.com/lib/rucke/Doc?id=10285217

No items available.

© 2026 Rongo University
Contact us: librarian | system librarian | Rongo university